[Event "45th Olympiad 2024"]
[Site "Budapest HUN"]
[Date "2024.09.18"]
[Round "7.70"]
[White "Panjwani, Raja"]
[Black "Subelj, Jan"]
[Result "0-1"]
[WhiteElo "2460"]
[BlackElo "2498"]
[TimeControl "40/5400+30:1800+30\""]
[EventDate "2024.09.11"]
[WhiteFideId "2604493"]
[BlackFideId "14618583"]
[WhiteTeam "Canada"]
[BlackTeam "Slovenia"]

1. Nf3 Nf6 2. c4 e6 3. Nc3 d5 4. e3 Bd6 5. d4 O-O 6. b3 a6 7. Bd3 dxc4 8.
bxc4 c5 9. O-O Nbd7 10. Qc2 h6 11. Rd1 Qc7 12. Bb2 cxd4 13. exd4 b6 14. h3
Bb7 15. Nd2 e5 16. d5 Nc5 17. a4 Nxd3 18. Qxd3 Nh5 19. Nce4 Bb4 20. Qb3 a5
21. Nf3 Rae8 22. Ba3 f5 23. Bxb4 axb4 24. Ng3 Nxg3 25. fxg3 e4 26. Nd4 e3
27. Ne2 Re4 28. Qxb4 Rxc4 29. Qb3 Qc5 30. d6 Kh7 31. Qb5 Rc2 32. Qxc5 bxc5
33. Nf4 g5 34. Nd5 e2 35. Rd3 c4 36. Rd4 c3 37. Ne3 Rd2 38. Rc4 f4 39. gxf4
gxf4 40. Rc7+ Kg6 41. Nc2 Rd1+ 42. Kf2 Ba6 43. Ne1 Rxa1 44. d7 Rxa4 0-1

[Event "45th Olympiad 2024"]
[Site "Budapest HUN"]
[Date "2024.09.18"]
[Round "7.18"]
[White "Sebenik, Matej"]
[Black "Preotu, Razvan"]
[Result "1/2-1/2"]
[WhiteElo "2515"]
[BlackElo "2451"]
[TimeControl "40/5400+30:1800+30\""]
[EventDate "2024.09.11"]
[Board "3"]
[WhiteFideId "14602296"]
[BlackFideId "2613280"]
[WhiteTeam "Slovenia"]
[BlackTeam "Canada"]

1. Nf3 c5 2. c4 Nc6 3. Nc3 e5 4. e3 Nf6 5. d4 e4 6. d5 exf3 7. dxc6 dxc6 8.
Qxd8+ Kxd8 9. gxf3 g6 10. b3 Bg7 11. Bb2 b6 12. O-O-O+ Kc7 13. h4 Bf5 14.
Ne2 Nh5 15. Bxg7 Nxg7 16. Ng3 h5 17. Bd3 Bxd3 18. Rxd3 Rad8 19. Rxd8 Rxd8
20. Kc2 a5 21. Ne4 Nf5 22. a4 Kd7 23. Ng3 Nd6 24. Rd1 Ke7 25. e4 Nb7 26. f4
Rxd1 27. Kxd1 Nd6 28. e5 Nf5 29. Nxf5+ gxf5 30. Kd2 Ke6 31. Kd3 1/2-1/2

[Event "45th Olympiad 2024"]
[Site "Budapest HUN"]
[Date "2024.09.18"]
[Round "7.18"]
[White "Noritsyn, Nikolay"]
[Black "Lavrencic, Matic"]
[Result "1/2-1/2"]
[WhiteElo "2451"]
[BlackElo "2360"]
[TimeControl "40/5400+30:1800+30\""]
[EventDate "2024.09.11"]
[Board "4"]
[WhiteFideId "2604922"]
[BlackFideId "14637847"]
[WhiteTeam "Canada"]
[BlackTeam "Slovenia"]

1. e4 c5 2. Nf3 e6 3. d4 cxd4 4. Nxd4 Nf6 5. Nd2 d6 6. Bd3 Nbd7 7. c3 Be7
8. O-O O-O 9. Re1 Ne5 10. Bf1 Qc7 11. a4 Bd7 12. h3 Rad8 13. a5 Nc6 14. Nb5
Qb8 15. Nf3 d5 16. exd5 Nxd5 17. Qc2 a6 18. Nbd4 Nxd4 19. Nxd4 Bf6 20. Qe4
Qc7 21. Bd3 g6 22. Qf3 Bc8 23. Be4 Bg7 24. Bg5 Ne7 25. Bb1 h6 26. Bh4 Rde8
27. Ba2 Bd7 28. Bg3 e5 29. Qe4 Nf5 30. Bh2 Qc8 31. Nc2 Bc6 32. Qg4 Kh7 33.
Nb4 Bd7 34. Rad1 Nd4 35. Qh4 Nc6 36. Nd5 Be6 37. Nb6 Qc7 38. Bxe6 Rxe6 39.
Rd7 Qb8 40. b4 Rd6 41. Qc4 Kg8 42. Qc5 Rd8 43. Rxd6 Qxd6 44. Qxd6 Rxd6 45.
Nc4 Rd5 46. g4 e4 47. Rxe4 Bxc3 48. Bf4 Bxb4 49. Bxh6 Kh7 50. Be3 Bxa5 51.
Nxa5 Rxa5 52. Re8 Rb5 53. Kg2 a5 54. Ra8 Kg7 55. h4 f6 56. g5 fxg5 57. hxg5
Kf7 58. Kf3 Ne5+ 59. Kf4 Nc4 60. Bd4 Rf5+ 61. Kg4 Ne5+ 62. Bxe5 Rxe5 63. f4
Rb5 64. Kf3 Ke7 65. Ke4 Rb4+ 66. Ke5 a4 67. Ra5 Kf7 68. f5 Rg4 69. Rb5 Rxg5
70. Rxb7+ Kf8 71. Kf6 Rxf5+ 72. Kxg6 Rf3 73. Ra7 a3 74. Kg5 Ke8 75. Kg4 Rb3
76. Kf4 Kd8 77. Ke4 Kc8 78. Kd4 Kb8 79. Ra4 Rh3 80. Kc5 Kb7 81. Kb4 Rh4+
82. Kxa3 Rxa4+ 83. Kxa4 1/2-1/2

[Event "45th Olympiad 2024"]
[Site "Budapest HUN"]
[Date "2024.09.18"]
[Round "7.19"]
[White "Brkic, Ante"]
[Black "Sadorra, Julio Catalino"]
[Result "1/2-1/2"]
[WhiteElo "2642"]
[BlackElo "2542"]
[TimeControl "40/5400+30:1800+30\""]
[EventDate "2024.09.11"]
[Board "1"]
[WhiteFideId "14506688"]
[BlackFideId "5201268"]
[WhiteTeam "Croatia"]
[BlackTeam "Philippines"]

1. e4 e5 2. Nf3 Nc6 3. Bb5 a6 4. Ba4 Nge7 5. c3 f6 6. d4 d5 7. dxe5 dxe4 8.
Nd4 b5 9. Bb3 Nxd4 10. exf6 Nf3+ 11. gxf3 Qxd1+ 12. Bxd1 gxf6 13. Nd2 Bb7
14. fxe4 O-O-O 15. Bc2 Ng6 16. Nb3 Re8 17. Be3 Bxe4 18. Bxe4 Rxe4 19. O-O-O
Bd6 20. Rd4 Rhe8 21. Rg1 f5 22. Rxe4 Rxe4 23. Rg5 f4 24. Nd2 Re5 25. Rxe5
Bxe5 26. Bc5 Kd7 27. Nf3 Ke6 28. Kd2 Kd5 29. Bd4 c5 30. Bxe5 Nxe5 31. Nxe5
Kxe5 1/2-1/2

[Event "45th Olympiad 2024"]
[Site "Budapest HUN"]
[Date "2024.09.18"]
[Round "7.19"]
[White "Quizon, Daniel"]
[Black "Martinovic, Sasa"]
[Result "0-1"]
[WhiteElo "2490"]
[BlackElo "2563"]
[TimeControl "40/5400+30:1800+30\""]
[EventDate "2024.09.11"]
[Board "2"]
[WhiteFideId "5217911"]
[BlackFideId "14509792"]
[WhiteTeam "Philippines"]
[BlackTeam "Croatia"]

1. e4 e6 2. d4 d5 3. Nd2 c5 4. exd5 Qxd5 5. Ngf3 cxd4 6. Bc4 Qd6 7. O-O Nf6
8. Nb3 Nc6 9. Nbxd4 Nxd4 10. Qxd4 Qxd4 11. Nxd4 Bd7 12. Bf4 Rc8 13. Bb3 Bc5
14. Rad1 O-O 15. c3 Rfd8 16. Rfe1 h6 17. h3 Kf8 18. Be5 b5 19. Rd3 a5 20.
a3 Be7 21. Red1 Ne4 22. Ba2 Nc5 23. R3d2 a4 24. Nc2 Be8 25. Bd4 Nb3 26.
Bxb3 axb3 27. Ne3 f6 28. Bc5 Rxd2 29. Bxe7+ Kxe7 30. Rxd2 g5 31. Rd4 f5 32.
g3 e5 33. Rb4 Ke6 34. Rxb3 f4 35. gxf4 gxf4 36. Ng4 Bc6 37. Kf1 h5 38. Nh2
e4 39. Rb4 Ke5 40. Ke2 Rg8 41. Nf1 Rg1 42. c4 bxc4 43. Rb6 Bd5 44. Rh6 f3+
45. Ke1 c3 46. Rxh5+ Kd6 0-1

[Event "45th Olympiad 2024"]
[Site "Budapest HUN"]
[Date "2024.09.18"]
[Round "7.19"]
[White "Livaic, Leon"]
[Black "Bersamina, Paulo"]
[Result "1-0"]
[WhiteElo "2550"]
[BlackElo "2425"]
[TimeControl "40/5400+30:1800+30\""]
[EventDate "2024.09.11"]
[Board "3"]
[WhiteFideId "14531534"]
[BlackFideId "5206995"]
[WhiteTeam "Croatia"]
[BlackTeam "Philippines"]

1. d4 Nf6 2. c4 g6 3. Nc3 d5 4. cxd5 Nxd5 5. e4 Nxc3 6. bxc3 Bg7 7. Be3 O-O
8. Qd2 c5 9. Rc1 Qa5 10. d5 Nd7 11. c4 Qxd2+ 12. Kxd2 f5 13. exf5 Rxf5 14.
Bd3 Rf8 15. Nf3 Re8 16. Ng5 Ne5 17. Bxc5 Nxd3 18. Kxd3 Bf5+ 19. Ke2 Bb2 20.
Rcd1 Rac8 21. Bd4 Ba3 22. Bxa7 Rxc4 23. Be3 Ra8 24. Rd4 Rc2+ 25. Rd2 Rxd2+
26. Bxd2 Bb2 27. Bc1 Rxa2 28. Bxb2 Rxb2+ 29. Ke3 Rb3+ 30. Kf4 Rb4+ 31. Ke3
b5 32. f3 h6 33. Ne4 Rb2 34. Nd2 Ra2 35. g4 Bc2 36. Kd4 Ra3 37. Kc5 Rd3 38.
Ne4 Rxf3 39. Re1 Rf4 40. d6 exd6+ 41. Nxd6 b4 42. Re7 b3 43. Rb7 Rf2 44. h4
g5 45. hxg5 hxg5 46. Kd4 Kf8 47. Ke5 Rf3 48. Ke6 Bg6 49. Ke5 Kg8 50. Ke6
Kh8 51. Ke5 Kg8 52. Ke6 Kf8 53. Ke5 Bc2 54. Ke6 Rf4 55. Nf5 Kg8 56. Kf6 Ra4
57. Nh6+ Kh8 58. Nf7+ Kh7 59. Nxg5+ Kh6 60. Rh7+ 1-0

[Event "45th Olympiad 2024"]
[Site "Budapest HUN"]
[Date "2024.09.18"]
[Round "7.19"]
[White "Gomez, John Paul"]
[Black "Stevic, Hrvoje"]
[Result "0-1"]
[WhiteElo "2408"]
[BlackElo "2531"]
[TimeControl "40/5400+30:1800+30\""]
[EventDate "2024.09.11"]
[Board "4"]
[WhiteFideId "5201381"]
[BlackFideId "14502569"]
[WhiteTeam "Philippines"]
[BlackTeam "Croatia"]

1. d4 d5 2. c4 c6 3. Nf3 Nf6 4. e3 Bf5 5. Nc3 e6 6. Nh4 Bg6 7. Be2 Nbd7 8.
O-O Be7 9. g3 dxc4 10. Nxg6 hxg6 11. Bxc4 Qa5 12. e4 b5 13. Bd3 b4 14. Na4
Rd8 15. a3 c5 16. axb4 Qxb4 17. Nc3 cxd4 18. Nb5 Ne5 19. b3 Nxd3 20. Qxd3
Rh5 21. Nc7+ Kf8 22. Bf4 Qb7 23. e5 Nd7 24. Nxe6+ fxe6 25. Qxg6 Rxe5 26.
Bxe5 Nxe5 27. Qh5 Nf3+ 28. Kh1 Nd2+ 0-1

[Event "45th Olympiad 2024"]
[Site "Budapest HUN"]
[Date "2024.09.18"]
[Round "7.20"]
[White "Galaviz Medina, Sion Radamantys"]
[Black "Vocaturo, Daniele"]
[Result "1/2-1/2"]
[WhiteElo "2488"]
[BlackElo "2600"]
[TimeControl "40/5400+30:1800+30\""]
[EventDate "2024.09.11"]
[Board "1"]
[WhiteFideId "5123119"]
[BlackFideId "813192"]
[WhiteTeam "Mexico"]
[BlackTeam "Italy"]

1. d4 d5 2. c4 dxc4 3. e3 Nf6 4. Bxc4 e6 5. Nf3 c5 6. O-O Nc6 7. Qe2 a6 8.
Rd1 b5 9. d5 bxc4 10. dxc6 Qc7 11. Bd2 Qxc6 12. Na3 Be7 13. Nxc4 Bb7 14.
Na5 Qc7 15. Rac1 O-O 16. b4 Rac8 17. bxc5 Bxc5 18. Rxc5 Bxf3 19. Rxc7 Bxe2
20. Rxc8 Rxc8 21. Rc1 Rxc1+ 22. Bxc1 Nd5 23. Bd2 Bb5 24. e4 Ne7 25. f3 Nc6
26. Nxc6 Bxc6 27. Kf2 e5 28. Ke3 f6 29. Bb4 Kf7 30. a3 Bb5 31. g3 1/2-1/2

[Event "45th Olympiad 2024"]
[Site "Budapest HUN"]
[Date "2024.09.18"]
[Round "7.20"]
[White "Lodici, Lorenzo"]
[Black "Cori Quispe, Kevin Joel"]
[Result "1-0"]
[WhiteElo "2556"]
[BlackElo "2461"]
[TimeControl "40/5400+30:1800+30\""]
[EventDate "2024.09.11"]
[Board "2"]
[WhiteFideId "884189"]
[BlackFideId "3814017"]
[WhiteTeam "Italy"]
[BlackTeam "Mexico"]

1. e4 c5 2. Nf3 e6 3. d4 cxd4 4. Nxd4 a6 5. Bd3 Bc5 6. Nb3 Be7 7. O-O d6 8.
Qg4 g6 9. Qe2 Nc6 10. a4 Ne5 11. Nc3 Nf6 12. Bh6 Nfg4 13. Bd2 O-O 14. a5
Bd7 15. f4 Nxd3 16. cxd3 Nf6 17. Be3 Rc8 18. Bb6 Qe8 19. e5 dxe5 20. fxe5
Nd5 21. Nxd5 exd5 22. Qe3 Be6 23. Nd4 Qd7 24. Rae1 Rfe8 25. Qh6 Bf8 26. Qf4
Bg7 27. Re3 Qe7 28. b4 Qd7 29. Bc5 Rc7 30. Nb3 d4 31. Nxd4 Bd5 32. Ne2 Qe6
33. Qh4 Bxe5 34. Nf4 Qd7 35. Nh5 gxh5 36. Qg5+ Bg7 37. Bd4 f6 38. Bxf6 Rxe3
39. Bxg7 1-0

[Event "45th Olympiad 2024"]
[Site "Budapest HUN"]
[Date "2024.09.18"]
[Round "7.20"]
[White "Ibarra Chami, Luis Fernando"]
[Black "Moroni, Luca Jr"]
[Result "1/2-1/2"]
[WhiteElo "2427"]
[BlackElo "2558"]
[TimeControl "40/5400+30:1800+30\""]
[EventDate "2024.09.11"]
[Board "3"]
[WhiteFideId "5105048"]
[BlackFideId "865834"]
[WhiteTeam "Mexico"]
[BlackTeam "Italy"]

1. e4 c5 2. Nf3 Nc6 3. d4 cxd4 4. Nxd4 Nf6 5. Nc3 h5 6. h3 g6 7. Nxc6 bxc6
8. e5 Nh7 9. Bd3 Bg7 10. Qe2 O-O 11. O-O d6 12. f4 dxe5 13. f5 gxf5 14.
Bxf5 Bxf5 15. Rxf5 e6 16. Rxh5 f5 17. Bh6 Qf6 18. Bxg7 Qxg7 19. Qc4 Rf6 20.
Qxc6 Rb8 21. Rd1 Nf8 22. Na4 Rg6 23. Kh1 e4 24. Qd6 Rb7 25. Rg1 Rc7 26. Nc5
Rf7 27. c3 Qf6 28. Qf4 Rfg7 29. Qh4 Qxh4 30. Rxh4 Nd7 31. Nxd7 Rxd7 32. Rf4
Kf7 33. Rf2 Kf6 34. c4 Ke5 35. c5 Rg3 36. c6 Rc7 37. Rc2 Rd3 38. b4 a6 39.
a4 Rb3 40. Rc5+ Kf4 41. b5 axb5 42. axb5 Kg3 43. Rf1 Rb2 44. Rc3+ Kh4 45.
Rc5 Kg3 46. Rc3+ Kh4 47. Rc5 1/2-1/2

[Event "45th Olympiad 2024"]
[Site "Budapest HUN"]
[Date "2024.09.18"]
[Round "7.20"]
[White "Sonis, Francesco"]
[Black "Palma Villanueva, Miguel Tadeo"]
[Result "1-0"]
[WhiteElo "2554"]
[BlackElo "2266"]
[TimeControl "40/5400+30:1800+30\""]
[EventDate "2024.09.11"]
[Board "4"]
[WhiteFideId "895733"]
[BlackFideId "5133483"]
[WhiteTeam "Italy"]
[BlackTeam "Mexico"]

1. d4 g6 2. c4 Bg7 3. Nf3 Nf6 4. g3 c6 5. Bg2 d5 6. b3 O-O 7. Bb2 dxc4 8.
bxc4 Ne4 9. O-O Qb6 10. Qc1 c5 11. e3 cxd4 12. Bxd4 Bxd4 13. exd4 Nc6 14.
Re1 f5 15. c5 Qd8 16. Qc4+ e6 17. Nc3 Nxc3 18. Qxc3 Ne7 19. Ne5 Nd5 20. Qb3
Kh8 21. f4 Ne7 22. Rad1 Rb8 23. Qa3 a6 24. Nc4 Bd7 25. d5 exd5 26. Bxd5
Nxd5 27. Rxd5 Rf7 28. Ne5 Qe8 29. Qc3 1-0

[Event "45th Olympiad 2024"]
[Site "Budapest HUN"]
[Date "2024.09.18"]
[Round "7.21"]
[White "Bjerre, Jonas Buhl"]
[Black "Kantor, Gergely"]
[Result "1-0"]
[WhiteElo "2648"]
[BlackElo "2537"]
[TimeControl "40/5400+30:1800+30\""]
[EventDate "2024.09.11"]
[Board "1"]
[WhiteFideId "1444948"]
[BlackFideId "751499"]
[WhiteTeam "Denmark"]
[BlackTeam "Hungary C"]

1. c4 Nf6 2. Nc3 e5 3. Nf3 Nc6 4. d3 d5 5. cxd5 Nxd5 6. g3 Be7 7. Nxd5 Qxd5
8. Bg2 O-O 9. O-O Qe6 10. Qc2 Qg6 11. Be3 Bg4 12. a3 a5 13. Rac1 a4 14. Qd2
Qh5 15. Bc5 Bd6 16. Qe3 Ra6 17. Rfe1 h6 18. Nd2 Rd8 19. Bf3 Bxf3 20. Nxf3
Qf5 21. Rc2 Ne7 22. Rec1 Nd5 23. Qe4 Qxe4 24. dxe4 Nf6 25. Bxd6 cxd6 26.
Rd1 Ra5 27. Rc4 Rb5 28. Rd2 Ra8 29. Ne1 d5 30. exd5 Nxd5 31. Nd3 Nb6 32.
Rc7 Rd8 33. f3 Rd7 34. Rdc2 Rbd5 35. Kf2 f6 36. Rxd7 Nxd7 37. Rc7 b6 38.
Ra7 Rd4 39. Rc7 Kf8 40. Ke3 Rd6 41. Ra7 b5 42. Rb7 Nb6 43. Kf2 h5 44. h4
Kg8 45. g4 hxg4 46. fxg4 Kh7 47. Kg3 Nc4 48. Rxb5 e4 49. Nf4 Rb6 50. Rh5+
Kg8 51. Rc5 Rb3+ 52. Kf2 Nxb2 53. g5 fxg5 54. hxg5 Rc3 55. Ra5 Rc6 56. Ra8+
Kf7 57. Ra7+ Kf8 58. Ke3 Nc4+ 59. Kxe4 Nxa3 60. Kd5 Rc8 61. Ng6+ Ke8 62.
Rxg7 Nc4 63. Ne7 Kf8 64. Rh7 Ne3+ 65. Ke6 Rc4 66. Rh8+ Kg7 67. Rg8+ Kh7 68.
g6+ Kh6 69. Rh8+ Kg5 70. g7 Re4+ 71. Kd7 Rxe7+ 72. Kxe7 Nf5+ 73. Kf8 Nxg7
74. Kxg7 a3 75. Ra8 1-0

[Event "45th Olympiad 2024"]
[Site "Budapest HUN"]
[Date "2024.09.18"]
[Round "7.21"]
[White "Krstulovic, Alex"]
[Black "Andersen, Mads"]
[Result "0-1"]
[WhiteElo "2452"]
[BlackElo "2598"]
[TimeControl "40/5400+30:1800+30\""]
[EventDate "2024.09.11"]
[Board "2"]
[WhiteFideId "760056"]
[BlackFideId "1413864"]
[WhiteTeam "Hungary C"]
[BlackTeam "Denmark"]

1. d4 Nf6 2. c4 e6 3. Nc3 d5 4. cxd5 exd5 5. Bg5 Be7 6. e3 h6 7. Bh4 O-O 8.
Bd3 c6 9. Nge2 Re8 10. O-O Nbd7 11. a4 Nh5 12. Bxe7 Qxe7 13. a5 Ndf6 14.
Nc1 g6 15. Re1 Ng7 16. Qd2 Bf5 17. f3 Rad8 18. Nb3 Bxd3 19. Qxd3 h5 20. e4
Qb4 21. Qc2 h4 22. Rad1 Ne6 23. Na2 Qa4 24. e5 Nh5 25. Rd2 Nhg7 26. Nc3 Qb4
27. Nd1 Nf5 28. Qc3 Qb5 29. Nf2 b6 30. Ng4 Kg7 31. Nf6 Rh8 32. Qd3 Qxd3 33.
Rxd3 c5 34. dxc5 bxc5 35. Rxd5 Rxd5 36. Nxd5 Rb8 37. Nd2 Rd8 0-1

[Event "45th Olympiad 2024"]
[Site "Budapest HUN"]
[Date "2024.09.18"]
[Round "7.21"]
[White "Thybo, Jesper Sondergaard"]
[Black "Juhasz, Agoston"]
[Result "1-0"]
[WhiteElo "2555"]
[BlackElo "2427"]
[TimeControl "40/5400+30:1800+30\""]
[EventDate "2024.09.11"]
[Board "3"]
[WhiteFideId "1438832"]
[BlackFideId "778346"]
[WhiteTeam "Denmark"]
[BlackTeam "Hungary C"]

1. d4 Nf6 2. c4 e6 3. Nf3 d5 4. g3 dxc4 5. Bg2 Bd7 6. Ne5 Bc6 7. Nxc6 Nxc6
8. e3 Qd7 9. O-O Rd8 10. Nd2 e5 11. Nxc4 exd4 12. Qb3 Rb8 13. Bxc6 Qxc6 14.
exd4 Be7 15. Re1 Nd5 16. Ne3 Rd8 17. Bd2 Nxe3 18. Rxe3 Kf8 19. Rc1 Qb6 20.
Qxb6 cxb6 21. Rc7 Bf6 22. Bb4+ Kg8 23. Be7 Bxe7 24. Rexe7 Rf8 25. Rxb7 g5
26. Rxa7 h5 27. Re5 Rh6 28. Rxg5+ Kh7 29. h4 Rc6 30. Rxh5+ Kg6 31. Rg5+ Kf6
32. Rg4 Rc2 33. b4 1-0

[Event "45th Olympiad 2024"]
[Site "Budapest HUN"]
[Date "2024.09.18"]
[Round "7.21"]
[White "Vanczak, Tamas"]
[Black "Olsen, Filip Boe"]
[Result "1/2-1/2"]
[WhiteElo "2401"]
[BlackElo "2441"]
[TimeControl "40/5400+30:1800+30\""]
[EventDate "2024.09.11"]
[Board "4"]
[WhiteFideId "759929"]
[BlackFideId "1440640"]
[WhiteTeam "Hungary C"]
[BlackTeam "Denmark"]

1. e4 c6 2. d4 d5 3. e5 Bf5 4. h4 h5 5. Bd3 Qd7 6. Nc3 Bxd3 7. Qxd3 e6 8.
Nf3 c5 9. dxc5 Bxc5 10. Be3 Be7 11. Rd1 Nh6 12. Bxh6 Rxh6 13. Ne2 Qc7 14.
O-O Nd7 15. Ned4 a6 16. Rfe1 Rc8 17. Qe3 Rh8 18. c4 dxc4 19. Nf5 exf5 20.
e6 fxe6 21. Qxe6 Nf8 22. Qxf5 Rh6 23. Rd4 Rf6 24. Qxh5+ g6 25. Qh8 Qb6 26.
Rde4 Rc7 27. h5 Rf7 28. hxg6 Rxf3 29. gxf3 Qxg6+ 30. Kf1 Qf7 31. Qe5 Qxf3
32. Kg1 Kd8 33. Qg7 Qf6 34. Qxf6 Bxf6 35. Re8+ Kd7 36. Rxf8 Bxb2 37. Rf7+
Kd6 38. Rxc7 Kxc7 39. Re2 Bh8 40. f4 b5 41. Kf2 Kd6 42. Ke3 b4 43. Rh2 Bf6
44. Rh6 Ke6 45. Ke4 b3 46. axb3 cxb3 47. f5+ Kf7 48. Rh3 b2 49. Rb3 Bc3 50.
Rb7+ Kf6 51. Rb6+ Kf7 52. Kd3 Be5 53. Kc2 a5 54. Kb1 Bd4 55. Rd6 Be5 56.
Re6 Bd4 57. Re4 Bc3 58. Re3 Bd4 59. Ra3 1/2-1/2

[Event "45th Olympiad 2024"]
[Site "Budapest HUN"]
[Date "2024.09.18"]
[Round "7.22"]
[White "Keinanen, Toivo"]
[Black "Peralta, Fernando"]
[Result "1/2-1/2"]
[WhiteElo "2554"]
[BlackElo "2558"]
[TimeControl "40/5400+30:1800+30\""]
[EventDate "2024.09.11"]
[Board "1"]
[WhiteFideId "509825"]
[BlackFideId "105309"]
[WhiteTeam "Finland"]
[BlackTeam "Argentina"]

1. Nf3 d5 2. d4 Nf6 3. c4 e6 4. g3 Be7 5. Bg2 O-O 6. Qc2 c6 7. O-O b6 8. b3
Nbd7 9. Nbd2 Bb7 10. Bb2 c5 11. cxd5 Bxd5 12. Rac1 Rc8 13. Qb1 cxd4 14.
Nxd4 Rxc1 15. Rxc1 Bxg2 16. Kxg2 Qa8+ 17. N2f3 Bc5 18. b4 Bxd4 19. Bxd4 Rc8
20. a4 h6 21. b5 Nd5 22. Rc2 Ne7 23. Qc1 f6 24. e4 e5 25. Be3 Kf8 26. Rc4
Ke8 27. Nd2 Rxc4 28. Qxc4 Qc8 29. Qa2 Qc3 30. Nc4 Qd3 31. f3 f5 32. exf5
Nxf5 33. Bf2 e4 34. fxe4 Qxe4+ 35. Kg1 Qd3 36. Ne5 Nxe5 37. Qe6+ Ne7 38.
Qxe5 Qd1+ 39. Kg2 Qxa4 40. Qxg7 Qe4+ 41. Kg1 Qb1+ 42. Kg2 Qe4+ 43. Kg1 Qb1+
1/2-1/2

[Event "45th Olympiad 2024"]
[Site "Budapest HUN"]
[Date "2024.09.18"]
[Round "7.22"]
[White "Krysa, Leandro"]
[Black "Sipila, Vilka"]
[Result "1-0"]
[WhiteElo "2495"]
[BlackElo "2462"]
[TimeControl "40/5400+30:1800+30\""]
[EventDate "2024.09.11"]
[Board "2"]
[WhiteFideId "116807"]
[BlackFideId "505455"]
[WhiteTeam "Argentina"]
[BlackTeam "Finland"]

1. Nf3 d5 2. g3 g6 3. Bg2 Bg7 4. O-O e5 5. d3 Nc6 6. e4 dxe4 7. dxe4 Qxd1
8. Rxd1 Bg4 9. c3 h6 10. Na3 Nge7 11. b4 O-O 12. Nc4 Be6 13. Bf1 a6 14. a4
Bg4 15. Rd3 Be6 16. Nfd2 h5 17. Ne3 Bh6 18. Nd5 Rfd8 19. Bg2 Bxd5 20. exd5
f5 21. Nb3 Bxc1 22. Rxc1 e4 23. dxc6 Rxd3 24. cxb7 Rb8 25. Bf1 Rd6 26. Nc5
a5 27. bxa5 Nc6 28. a6 Na7 29. Bb5 c6 30. Bc4+ Kf8 31. f3 exf3 32. Kf2 Ke7
33. Re1+ Kd8 34. a5 Rd2+ 35. Kxf3 Kc7 36. Re6 Rc2 37. Ke3 g5 38. Rg6 Re8+
39. Kd3 Rxh2 40. Rg7+ Kd6 41. Nd7 h4 42. gxh4 Rh3+ 43. Kc2 Rxh4 44. b8=Q+
Rxb8 45. Nxb8 Rxc4 46. Rd7+ Kc5 47. Rxa7 Ra4 48. Rf7 Kd6 49. Rxf5 c5 50. a7
Rxa5 51. Na6 1-0

[Event "45th Olympiad 2024"]
[Site "Budapest HUN"]
[Date "2024.09.18"]
[Round "7.22"]
[White "Lahdelma, Henri"]
[Black "Flores, Diego"]
[Result "0-1"]
[WhiteElo "2331"]
[BlackElo "2546"]
[TimeControl "40/5400+30:1800+30\""]
[EventDate "2024.09.11"]
[Board "3"]
[WhiteFideId "510394"]
[BlackFideId "108049"]
[WhiteTeam "Finland"]
[BlackTeam "Argentina"]

1. d4 Nf6 2. c4 e6 3. Nc3 Bb4 4. e3 O-O 5. Bd3 d5 6. Nf3 c5 7. cxd5 exd5 8.
dxc5 Bg4 9. O-O Bxc3 10. bxc3 Nbd7 11. h3 Bxf3 12. Qxf3 Nxc5 13. Rd1 Nxd3
14. Rxd3 Rc8 15. a4 Rc4 16. Qd1 Qc7 17. a5 Re8 18. Bb2 h6 19. Rd4 Re4 20.
Rxe4 Rxe4 21. Qb3 Qc6 22. Kf1 Rc4 23. f3 Nd7 24. Qc2 Rc5 25. Kf2 Ne5 26.
Kg1 Nc4 27. Bc1 Rxa5 28. Rxa5 Nxa5 29. Ba3 Nc4 30. Bc1 a5 31. Kf2 a4 32.
Ke2 Qb5 33. Kd1 a3 34. Qa2 Qa4+ 35. Ke2 b5 36. g4 g5 37. Ke1 Qa5 38. Bd2
Qc7 39. f4 Qe7 40. Kf2 Qe4 0-1

[Event "45th Olympiad 2024"]
[Site "Budapest HUN"]
[Date "2024.09.18"]
[Round "7.22"]
[White "Sosa, Tomas"]
[Black "Wartiovaara, Oliver"]
[Result "0-1"]
[WhiteElo "2515"]
[BlackElo "2300"]
[TimeControl "40/5400+30:1800+30\""]
[EventDate "2024.09.11"]
[Board "4"]
[WhiteFideId "121576"]
[BlackFideId "513024"]
[WhiteTeam "Argentina"]
[BlackTeam "Finland"]

1. e4 c5 2. Nc3 d6 3. Nf3 a6 4. g3 e5 5. Bg2 Nc6 6. O-O g6 7. Nd5 Bg7 8. c3
Nge7 9. d4 exd4 10. Bg5 h6 11. Bf6 O-O 12. Nxe7+ Nxe7 13. Bxg7 Kxg7 14.
cxd4 Bg4 15. dxc5 dxc5 16. Qc2 b6 17. Qc3+ Kh7 18. Ne5 Be6 19. f4 f6 20.
Rad1 Qc7 21. Nxg6 Nxg6 22. f5 Rae8 23. Bh3 Bc8 24. fxg6+ Kxg6 25. Bxc8 Qxc8
26. Rf4 Qe6 27. Rd5 Kg7 28. Qd2 Re7 29. Rd6 Qe5 30. Rg4+ Kf7 31. Rh4 Qg5
32. Rf4 Re6 33. Rd5 Re5 34. Rd7+ Re7 35. Qd6 Re8 36. e5 f5 37. Qd3 Kg6 38.
Rd6+ Kg7 39. Rxf5 Qc1+ 40. Rf1 Qg5 41. Rf5 Qc1+ 42. Kg2 Qxb2+ 43. Kh3 Qxa2
44. Rg6+ Kh8 45. Rxh6+ Kg8 46. Rg5+ Rg7 47. Qh7+ 0-1

[Event "45th Olympiad 2024"]
[Site "Budapest HUN"]
[Date "2024.09.18"]
[Round "7.23"]
[White "Schitco, Ivan"]
[Black "Maksimovic, Bojan"]
[Result "1/2-1/2"]
[WhiteElo "2527"]
[BlackElo "2503"]
[TimeControl "40/5400+30:1800+30\""]
[EventDate "2024.09.11"]
[Board "1"]
[WhiteFideId "13905465"]
[BlackFideId "14408120"]
[WhiteTeam "Moldova"]
[BlackTeam "Bosnia & Herzegovina"]

1. c4 e5 2. Nc3 Bb4 3. Nd5 Be7 4. d4 d6 5. e4 Nf6 6. Nxe7 Qxe7 7. f3 O-O 8.
Ne2 exd4 9. Qxd4 Nc6 10. Qc3 Ne5 11. Nf4 Ng6 12. Nxg6 fxg6 13. Be3 b6 14.
Be2 Be6 15. O-O Nh5 16. Rf2 Nf4 17. Bf1 g5 18. Re1 Ng6 19. b3 Rae8 20. Qd2
h6 21. Bd4 Qf7 22. g3 Bc8 23. Bc3 Ne5 24. Bg2 Bb7 25. Ref1 Qe7 26. h3 Ng6
27. Kh2 h5 28. f4 h4 29. fxg5 hxg3+ 30. Kxg3 Rxf2 31. Rxf2 Bxe4 32. Re2 d5
33. Bxe4 dxe4 34. Qd5+ Kh7 35. h4 Rd8 36. Qxe4 Qxe4 37. Rxe4 Rd3+ 38. Kg4
Rxc3 39. h5 Nf8 40. Re7 Kg8 41. Rxc7 b5 42. g6 Rc2 43. a4 bxa4 44. bxa4 a6
45. Rc5 Nd7 46. Rc8+ Nf8 47. a5 Ra2 48. Rc5 Nd7 49. Rc8+ Nf8 50. c5 Rxa5
51. Kf5 Ra1 52. Ke5 Rh1 53. c6 Rxh5+ 54. Kd6 Rh1 55. Ra8 Rd1+ 56. Ke7 Re1+
57. Kd6 Rd1+ 58. Kc5 Rc1+ 59. Kb6 Rb1+ 60. Kc5 Rc1+ 61. Kb6 1/2-1/2